000 00291nam a22001337a 4500
008 170725b xxu||||| |||| 00| 0 eng d
020 _a9780072505016
041 _aeng
080 _a004
100 _a29
101 _aSHK
245 _aOBJECTS HAVE CLASS
_cPOPLAWSKI,D.A
942 _2udc
_cBK
999 _c21858
_d21858